| 000 | 00390nam a2200181Ia 4500 | ||
|---|---|---|---|
| 005 | 20240823042628.0 | ||
| 008 | 240823s9999||||xx |||||||||||||| ||und|| | ||
| 041 | _aENGLISH | ||
| 082 | _A420 P8 | ||
| 100 | _aEsaya Britto | ||
| 245 | 0 | _aEnglish | |
| 250 | _a1st | ||
| 260 |
_c2008 _bArokia Ra |
||
| 500 | _aTRANSFERED | ||
| 650 |
_aEnglish _bEnglish |
||
| 942 | _cBK | ||
| 999 |
_c208325 _d208325 |
||